000 01037nam a2200325 i 4500
001 66675
003 ES-MaACL
005 20250808011646.0
007 t|
008 030320s2002 sp ||||0| spa d
020 _a84-7432-968-X
040 _aM-BN
_bspa
_cM-BN
080 _a316.7
080 _a316.4.063.3
100 1 _aYúdice, George.
_9117731
245 1 3 _aEl recurso de la cultura
_b: usos de la cultura en la era global /
_cGeorge Yúdice ; [traducción, Gabriela Ventureira, excepto capítulo 7, Desiderio Navarro].
250 _a1ª ed.
260 _aBarcelona :
_bGedisa,
_c2002.
300 _a475 p., [16] p. de lám ;
_c23 cm.
490 1 _aSerie Culturas
504 _aBibliografía: p. [423]-475.
650 7 _aVida intelectual
_2embne
_9159621
650 4 _aGlobalización.
_913125
700 1 _aVentureira, Gabriela.
_9113924
700 1 _aNavarro, Desiderio.
_985062
830 0 _aSerie Culturas
_9183039
852 _aES-MaACL
_jL-27149
_bR.132758
999 _c66675
_d66675